| 000 | 00512nam a22001937a 4500 | ||
|---|---|---|---|
| 003 | OSt | ||
| 005 | 20260617101859.0 | ||
| 008 | 260617b |||||||| |||| 00| 0 eng d | ||
| 020 | _a0-316-604542 | ||
| 040 | _cChuka University Library | ||
| 050 |
_aQD 31.2 _b.N49 1980 |
||
| 100 |
_aNewell Sydney .B _929610 |
||
| 245 |
_aChemistry _bAn introduction |
||
| 250 | _a2nd | ||
| 260 |
_aBoston _bLittle , brown and company _c1980 |
||
| 300 |
_a563 _bIllustrations |
||
| 650 |
_aChemistry _9144 |
||
| 942 |
_2lcc _cBK _n0 |
||
| 999 |
_c24500 _d24500 |
||